Construction equipment and its management (Record no. 188147)

000 -LEADER
fixed length control field 00384nam a2200133Ia 4500
008 - FIXED-LENGTH DATA ELEMENTS--GENERAL INFORMATION
fixed length control field 220217s9999||||xx |||||||||||||| ||und||
020 ## - INTERNATIONAL STANDARD BOOK NUMBER
International Standard Book Number 9788174092670
100 ## - MAIN ENTRY--PERSONAL NAME
Personal name Sharma, S.C
9 (RLIN) 10080
245 #0 - TITLE STATEMENT
Title Construction equipment and its management
250 ## - EDITION STATEMENT
Edition statement 6
260 ## - PUBLICATION, DISTRIBUTION, ETC.
Place of publication, distribution, etc. Khanna publishers
Name of publisher, distributor, etc. New Delhi
Date of publication, distribution, etc. 2015
300 ## - PHYSICAL DESCRIPTION
Extent XXIII, 1027p.
Other physical details 399
650 ## - SUBJECT ADDED ENTRY--TOPICAL TERM
Topical term or geographic name entry element Construction Engineering
Holdings
Withdrawn status Lost status Damaged status Not for loan Collection code Home library Current library Shelving location Date acquired Barcode Date last seen Price effective from Koha item type
        Civil Engineering Central Library Central Library Reference 02/18/2022 23336 02/18/2022 02/18/2022 Books

Powered by Koha